Geometrical and technical drawing : (Record no. 1189)
[ view plain ]
| 000 -LEADER | |
|---|---|
| fixed length control field | 00344nam a2200133 4500 |
| 020 ## - ISBN | |
| International Standard Book Number | 9780175440108 |
| 050 00 - LIBRARY OF CONGRESS CALL NUMBER | |
| Classification Number | T353 |
| Item Number | Y37 1983 |
| 100 10 - MAIN ENTRY--Author | |
| Personal name | Yarwood, A. |
| 245 10 - TITLE | |
| Title | Geometrical and technical drawing : |
| Remainder of title | Book 2. |
| Statement of responsibility, etc | A Yarwood. |
| 260 ## - PUBLICATION, DISTRIBUTION, ETC.(IMPRINT) | |
| Place of publication, distribution, etc | UK : |
| Name of publisher, distributor, etc | Thomas Nelson and Sons Ltd, |
| Date of publication, distribution, etc | c1983. |
| 300 ## - PHYSICAL DESCRIPTION | |
| Extent | 112 p. ; |
| 650 0# - SUBJECT--TOPIC | |
| Topical term following geographic name as entry element | Geometry. |
| 942 ## - ADDED ENTRY ELEMENTS(KOHA) | |
| Koha item type | General circulation |
| Source of classification or shelving scheme | Not for loan | Location (home branch) | Sublocation (holding branch) | Date accessioned | Cost, normal purchase price | Full call number | Barcode | Cost, replacement price | Nonpublic note | Koha item type | Public note |
|---|---|---|---|---|---|---|---|---|---|---|---|
| Library of Congress Classification | Main Campus Library | Main Campus Library | 16/08/2014 | 300.00 | T353 .Y37 1983 | 2019/023520 | 800.00 | Rono | General circulation | Rono | |
| Library of Congress Classification | Main Campus Library | Main Campus Library | 19/08/2014 | 300.00 | T353 Y37 1983 C.2 | 2019/023519 | 800.00 | Rono | General circulation | Rono |